Fisheries resources of the north Pacific ocean

Furkejuvvon:
Bibliográfalaš dieđut
Váldodahkki: Kasahara, Hiroshi (Dahkki)
Materiálatiipa: Girji
Giella:eaŋgalasgiella
Almmustuhtton: Vancouver The University of British Columbia, Institute of Fisheries 1961
Ráidu:H. R. MacMillan lectures in Fisheries
Fáttát:
Fáddágilkorat: Lasit fáddágilkoriid
Eai fáddágilkorat, Lasit vuosttaš fáddágilkora!

MARC

LEADER 00000nam a2200000 a 4500
001 UCV5454
003 CL-VaPUC
008 930707e19610000CN |||||||||||||||||eng|d
082 0 4 |a 597.05  |b KAS  |2 21 
100 0 |a Kasahara, Hiroshi  |e author  |9 299777 
245 1 0 |a Fisheries resources of the north Pacific ocean 
300 |a 2 v 
942 |c BK 
945 |d 19930707 00:00:00 
260 |a Vancouver  |b The University of British Columbia, Institute of Fisheries  |c 1961 
650 7 |a POBLACION DE PECES  |2 CL-VaPUC  |9 261161 
650 0 |a Recursos pesqueros  |9 255431 
583 |a last modification  |c 19930707 00:00:00  |k Rodrigo Vera 
490 0 |a H. R. MacMillan lectures in Fisheries 
999 |c 211980  |d 211978